Gaming Quiz

Random Gaming or Clickable Quiz

Fallout vaults by experiment Quiz Stats

 Plays Quiz not verified by Sporcle

Challenge
Share
Tweet
Embed
Score 0/23 Timer 03:00
0 Plays Today
% Correct
Vault 111
74.6%
Vault 101
57.1%
Vault 0
55.6%
Vault 81
55.6%
Vault 13
50.8%
Vault 21
50.8%
Vault 114
49.2%
Vault 87
46%
Vault 112
44.4%
Vault 22
42.9%
Vault 75
39.7%
Vault 92
39.7%
% Correct
Vault 106
39.7%
Vault 108
39.7%
Vault 11
36.5%
Vault 34
36.5%
Vault 15
34.9%
Vault 95
34.9%
Vault 118
31.7%
Vault 3
30.2%
Vault 19
25.4%
Vault 12
22.2%
Vault 8
19%

You're not logged in!

Compare scores with friends on all Sporcle quizzes.
Join for Free
OR
Log In

You Might Also Like...

Show Comments

Extras

Top Quizzes Today


Score Distribution

Your Account Isn't Verified!

In order to create a playlist on Sporcle, you need to verify the email address you used during registration. Go to your Sporcle Settings to finish the process.

Report this User

Report this user for behavior that violates our Community Guidelines.

Details: